Administratíva a korešpondencia pre 1. ročník obchodných akadémií

Bibliographic Details
Main Authors: Iglovská, Zuzana (Author), Ďurišová, Helena (učiteľka) (Author)
Format: Book
Language:Slovak
PhysicalDescription:128 s. sch., tab. 29 cm
Published: Bratislava Slovenské pedagogické nakladateľstvo 2003
ISBN:8010002151
Edition:5. vyd.
Subjects:

MARC

LEADER 00000nam a2200000 a 4500
001 vtls001456936
003 SK-MaSNL
005 20260301104105.0
008 240318s2003 xo a g slo
015 |a SNBA2004/01-00057 
020 |a 8010002151 
035 |a SNK000412243 
035 |a urn:nbn:sk:snk-amlrz7 
035 |a urn:nbn:sk:snk-am00cbsb 
035 |a 05120E7F-DF1D-4C49-AFF2-3D959CBFC427 
040 |a SNK  |b slo  |c SNK  |e AACR2 
041 0 |a slo 
044 |a xo  |c SK 
072 7 |a 005.91:82-6  |x Úradná korešpondencia  |2 konspekt 
080 |a 651  |2 1981 
080 |a 651.7  |2 1981 
080 |a (075.3)  |2 1981 
100 1 |a Iglovská, Zuzana  |4 aut  |9 44497 
245 1 0 |a Administratíva a korešpondencia pre 1. ročník obchodných akadémií  |c Zuzana Iglovská, Helena Ďurišová 
250 |a 5. vyd. 
260 |a Bratislava  |b Slovenské pedagogické nakladateľstvo  |c 2003 
300 |a 128 s.  |b sch., tab.  |c 29 cm 
500 |a Na rube tit. strany uvedené vydavateľstvo: Slovenské pedagogické nakladateľstvo-Mladé letá 
650 0 7 |a administratíva  |2 SNKPH  |9 642 
650 0 7 |a korešpondencia  |2 SNKPH  |9 645 
655 7 |a učebnice stredných škôl  |2 SNKPH  |9 69323 
700 1 |a Ďurišová, Helena  |c (učiteľka)  |4 aut  |9 43537 
919 |a 80-10-00215-1 
958 |a OND 
968 |d 65 
999 |c 697211  |d 699141 
952 |t P60, <03>, [BOOK], {603}  |a SNK  |b SNK  |y PREZ  |7 0  |p 17A0391824  |o snkSB 67816  |i snkKSP 8999/2003  |0 0  |1 0  |4 0  |d 2003-07-25  |f 1  |l 0  |r 2025-04-16 00:00:00  |w 2026-02-23 
952 |t P60, <04>, [BOOK], {604}  |a SNK  |b SNK  |y VYP  |7 0  |p 17A0391825  |o snkSB 67816 D1  |i snkKSP 9000/2003  |0 0  |1 0  |4 0  |d 2003-07-25  |l 0  |r 2005-01-02 00:00:00  |w 2026-02-23